Central Library OPAC University of Rajshahi

Local government structure and organization : (Record no. 49524)

MARC details
000 -LEADER
fixed length control field 01235nam a2200277 a 4500
001 - CONTROL NUMBER
control field 49524
003 - CONTROL NUMBER IDENTIFIER
rucl marc code BD-RjUL
005 - DATE AND TIME OF LATEST TRANSACTION
control field 20211209054706.0
008 - FIXED-LENGTH DATA ELEMENTS--GENERAL INFORMATION
fixed length control field 160821s1962 ne ao 100 0 eng d
035 ## - SYSTEM CONTROL NUMBER
System control number (BD-RjUL) 49643
040 ## - CATALOGING SOURCE
Original cataloging agency DLC
Transcribing agency MNM
Modifying agency BD-RjUL
Language of cataloging eng
041 ## - LANGUAGE CODE
Language code of text/sound track or separate title eng
082 ## - DEWEY DECIMAL CLASSIFICATION NUMBER
Edition number 23
Classification number 352.008
Author mark and year LOC 1962
111 2# - MAIN ENTRY--MEETING NAME
Meeting name or jurisdiction name as entry element World Conference of Local Governments
Date of meeting (1961 :
Location of meeting Washington, D.C.)
9 (RLIN) 148566
245 10 - TITLE STATEMENT
Title Local government structure and organization :
Remainder of title problems of metropolitan areas : papers presented at the World Conference of Local Governments, June 15-20, 1961 /
Statement of responsibility, etc. International Union of Local Authorities
260 ## - PUBLICATION, DISTRIBUTION, ETC. (IMPRINT)
Place of publication, distribution, etc. The Hague :
Name of publisher, distributor, etc. M. Nijhoff for the International Union of Local Authorities,
Date of publication, distribution, etc. 1962.
300 ## - PHYSICAL DESCRIPTION
Pagination 119 p. :
Illustrations ill ;
Size 23 cm.
490 1# - SERIES STATEMENT
Series statement International Union of Local Authorities ;
Volume/sequential designation 62
500 ## - GENERAL NOTE
General note The 1961 meeting of the International Union of Local Authorities.
650 #0 - SUBJECT ADDED ENTRY--TOPICAL TERM
Topical term or geographic name as entry element Local government.
9 (RLIN) 148567
Topical term or geographic name as entry element Metropolitan government.
9 (RLIN) 128364
710 2# - ADDED ENTRY--CORPORATE NAME
Corporate name or jurisdiction name as entry element International Union of Local Authorities.
9 (RLIN) 148568
Corporate name or jurisdiction name as entry element International Union of Local Authorities.
Subordinate unit Congress.
9 (RLIN) 148569
830 #0 - SERIES ADDED ENTRY--UNIFORM TITLE
Uniform title International Union of Local Authorities (Series) ;
Volume number/sequential designation 62.
942 ## - ADDED ENTRY ELEMENTS (KOHA)
Source of classification or shelving scheme Dewey Decimal Classification
Koha item type Books
Holdings
Lost status Source of classification or shelving scheme Damaged status Not for loan Collection code Permanent Location Current Location Shelving location Date acquired Source of acquisition Cost, normal purchase price Total Checkouts Full call number Date last seen Copy number Koha item type
  Dewey Decimal Classification     Non-fiction Central Library, University of Rajshahi Central Library, University of Rajshahi   02/11/1967 Sweets & Zuitlinger 10.00   352.008 LOC 1962 21/08/2016 C-2 Books